[Event "Titled Tue 27th May Early"]
[Site "chess.com INT"]
[Date "2025.05.27"]
[Round "4"]
[White "Rustamov, Rustam"]
[Black "Eljanov, Pavel"]
[Result "0-1"]
[WhiteTitle "FM"]
[BlackTitle "GM"]
[WhiteElo "2323"]
[BlackElo "2668"]
[WhiteFideId "13440110"]
[BlackFideId "14102951"]
[EventDate "2025.05.27"]

1. e4 e5 2. Nf3 Nc6 3. Bb5 a6 4. Ba4 Nf6 5. O-O Nxe4 6. Re1 Nc5 7. Bxc6 dxc6 8.
Nxe5 Be7 9. d4 Ne6 10. Be3 O-O 11. c4 Re8 12. Nc3 f6 13. Nf3 Nf8 14. h3 Bd6 15.
Qb3 Kh8 16. Rad1 Rb8 17. c5 Be7 18. d5 cxd5 19. Rxd5 Bd7 20. Qc2 Qc8 21. Nh4 Be6
22. Rdd1 b6 23. b4 bxc5 24. bxc5 Rb4 25. f4 Rc4 26. Qb2 Bxc5 27. Bxc5 Rxc5 28.
Ne4 Rb5 29. Qc3 Nd7 30. Nf3 Rd5 31. Nd4 Bf7 32. Nf2 c5 33. Nf3 c4 34. Rxe8+ Qxe8
35. Re1 Qc8 36. Kh1 Kg8 37. Ne4 Rd3 38. Qc1 h6 39. Ng3 Bd5 40. Nf5 Qc5 41. Ne7+
Kf7 42. Nxd5 Qxd5 43. Qc2 Nc5 44. Qe2 Ne6 45. Qf2 Kg8 46. Qg3 Qf5 47. Qf2 Nxf4
48. Ng1 Qg5 49. Rf1 Nh5 50. Ne2 Rd2 51. Kg1 Qe5 52. Re1 c3 53. g4 c2 54. gxh5
Rxe2 0-1

[Event "Titled Tue 27th May Early"]
[Site "chess.com INT"]
[Date "2025.05.27"]
[Round "4"]
[White "Antoniou, Rafail"]
[Black "Smieszek, Wojciech"]
[Result "1-0"]
[WhiteTitle "CM"]
[BlackTitle "CM"]
[WhiteElo "2134"]
[BlackElo "2141"]
[WhiteFideId "5904390"]
[BlackFideId "1156047"]
[EventDate "2025.05.27"]

1. e4 c5 2. c3 g6 3. d4 cxd4 4. cxd4 d5 5. Nc3 dxe4 6. Bc4 Bg7 7. Qb3 e6 8. d5
Nf6 9. dxe6 O-O 10. exf7+ Kh8 11. Nge2 Nc6 12. O-O Na5 13. Qb4 Nxc4 14. Qxc4 Qe7
15. Bg5 Be6 16. Qa4 Qxf7 17. Bxf6 Qxf6 18. Nxe4 Qxb2 19. N2g3 Qxa1 20. Rxa1 Bxa1
21. h3 Bf5 22. Nxf5 Rxf5 23. Qd7 Raf8 24. Qxb7 Bd4 25. Qd7 Bxf2+ 26. Nxf2 Rxf2
27. Qxa7 Rf1+ 28. Kh2 R1f7 29. Qd4+ Kg8 30. a4 Ra8 31. h4 Rfa7 32. Qd5+ Kg7 33.
Qe5+ Kg8 34. h5 gxh5 35. Qxh5 Rxa4 36. Qd5+ Kg7 37. Qg5+ Kf7 38. Qf5+ Kg7 39.
Qe5+ Kf7 40. Qc7+ Kg6 41. Kh3 R8a5 42. Qd6+ Kg7 43. Qe7+ Kg6 44. g4 h6 45. Qe8+
Kg7 46. Qe7+ Kg6 47. Qe6+ Kg7 48. Qd7+ Kg6 49. Qc6+ Kg7 50. Kh4 Kh7 51. Qd7+ Kg6
52. Qe7 Rh5+ 53. Kg3 Rha5 54. Kh3 h5 55. Qe8+ Kh6 56. Qh8+ Kg6 57. Qg8+ Kh6 58.
g5+ Rxg5 59. Qh8+ Kg6 60. Qe8+ Kh6 61. Qxa4 Rg4 62. Qe8 Rg5 63. Qh8+ Kg6 64. Kh2
Rf5 65. Kg3 Rg5+ 66. Kf4 Rf5+ 67. Ke4 Rg5 68. Qd8 Kh6 69. Qf6+ Rg6 70. Qf8+ Kh7
71. Kf5 Rg8 72. Qf7+ Rg7 73. Qxh5+ Kg8 74. Kf6 Ra7 75. Qd5+ Kh7 76. Qd3+ Kg8 77.
Qg3+ Kf8 78. Qb8# 1-0

[Event "Titled Tue 27th May Early"]
[Site "chess.com INT"]
[Date "2025.05.27"]
[Round "4"]
[White "Naranjo Moreno, Antonio"]
[Black "Solonkov, Dmitrij"]
[Result "0-1"]
[WhiteTitle "FM"]
[BlackTitle "FM"]
[WhiteElo "2289"]
[BlackElo "2434"]
[WhiteFideId "2278626"]
[BlackFideId "4150139"]
[EventDate "2025.05.27"]

1. e4 e6 2. d4 d5 3. Nc3 Bb4 4. e5 c5 5. a3 Bxc3+ 6. bxc3 Ne7 7. Qg4 Qc7 8. Qxg7
Rg8 9. Qxh7 cxd4 10. Ne2 Nbc6 11. f4 dxc3 12. Qd3 Bd7 13. Qxc3 Rc8 14. Bd2 Nf5
15. Qd3 a6 16. Rg1 Na5 17. g4 Bb5 18. Qc3 Qxc3 19. Nxc3 Bxf1 20. Kxf1 Nd4 21.
Nxd5 exd5 22. Bxa5 Rxc2 23. Bb6 Nc6 24. Rg2 Rxg2 25. Kxg2 Rxg4+ 26. Kf3 Rh4 27.
Kg3 Rh6 28. Bc5 Rg6+ 29. Kf3 Kd7 30. h4 Ke6 31. h5 Rg8 32. h6 Kf5 33. Rh1 Rh8
34. Rh5+ Kg6 35. Kg4 Rxh6 36. f5+ Kh7 37. Rxh6+ Kxh6 38. Kf4 Kg7 39. Bd6 b5 40.
e6 fxe6 41. fxe6 Kf6 42. e7 Nxe7 43. Bc7 Ke6 44. Bd8 Nc6 45. Bc7 a5 46. Ke3 Kd7
47. Bb6 Kd6 48. Kd3 Ke5 49. Ke3 d4+ 50. Kd3 Kd5 51. Bc7 Ne5+ 52. Kc2 Nc4 53. Kb3
d3 54. Bf4 d2 55. Kc2 Nxa3+ 56. Kxd2 Kc4 57. Kc1 b4 58. Kb2 Nb5 59. Be3 a4 60.
Ka2 b3+ 61. Kb2 a3+ 62. Kb1 Nc3+ 0-1

[Event "Titled Tue 27th May Early"]
[Site "chess.com INT"]
[Date "2025.05.27"]
[Round "4"]
[White "Ahmad, Khagan"]
[Black "Langheinrich, Ferenc"]
[Result "1-0"]
[WhiteTitle "IM"]
[BlackTitle "IM"]
[WhiteElo "2405"]
[BlackElo "2346"]
[WhiteFideId "13431552"]
[BlackFideId "4641973"]
[EventDate "2025.05.27"]

1. d4 d5 2. c4 c6 3. Nf3 Nf6 4. Nc3 e6 5. Bg5 h6 6. Bxf6 Qxf6 7. e3 g6 8. Bd3
Bg7 9. e4 dxc4 10. Bxc4 Qe7 11. O-O O-O 12. e5 Nd7 13. Qc2 Nb6 14. Bb3 Nd5 15.
Rad1 b6 16. Rfe1 Nxc3 17. bxc3 Bb7 18. c4 Rfd8 19. c5 Bf8 20. Rc1 Rd7 21. h4
Rad8 22. h5 g5 23. Qe4 Bg7 24. Bc2 bxc5 25. dxc5 Rd5 26. Bb1 Rxc5 27. Rxc5 Qxc5
28. g3 a5 29. Kg2 Qb5 30. Qh7+ Kf8 31. Be4 g4 32. Nh2 Qxe5 33. Nxg4 Qxh5 34. Rb1
Ba8 35. Ne3 Qe5 36. Bf3 a4 37. Qc2 Kg8 38. Qxa4 Qd4 39. Qa5 Rf8 40. Rd1 Qe5 41.
Qa7 Qb2 42. Nc4 Qb4 43. Ne3 Qb2 44. Qa4 Qb5 45. Qa3 Qb6 46. Rh1 Qc7 47. Ng4 Rd8
48. Nxh6+ Bxh6 49. Rxh6 Qe5 50. Rh5 Qd6 51. Qa5 Qe7 52. Rg5+ Kf8 53. Rh5 Kg8 54.
Qe1 1-0

[Event "Titled Tue 27th May Early"]
[Site "chess.com INT"]
[Date "2025.05.27"]
[Round "4"]
[White "Bortnyk, Olexandr"]
[Black "Bakhmatsky, Vladislav"]
[Result "0-1"]
[WhiteTitle "GM"]
[BlackTitle "IM"]
[WhiteElo "2601"]
[BlackElo "2433"]
[WhiteFideId "14120828"]
[BlackFideId "14124890"]
[EventDate "2025.05.27"]

1. e4 a6 2. d4 b5 3. Ne2 Bb7 4. Ng3 e6 5. Be3 Nf6 6. f3 d6 7. c4 bxc4 8. Bxc4
Nbd7 9. Nc3 Be7 10. O-O O-O 11. Qe2 c5 12. dxc5 Nxc5 13. Rfd1 Qb8 14. Rac1 Rc8
15. b3 Ncd7 16. Qf2 Ne5 17. Be2 d5 18. exd5 Nxd5 19. Nxd5 Bxd5 20. Nh5 Ng6 21.
Bd4 e5 22. Rxc8+ Qxc8 23. Bxe5 Bxb3 24. axb3 Nxe5 25. Kh1 g6 26. Nf4 Qc2 27. Qe3
Bf6 28. Nd5 Bg7 29. h4 h5 30. Rc1 Qb2 31. Rc7 Rd8 32. Bc4 a5 33. Qg5 Re8 34. Re7
Rxe7 35. Qxe7 Nxc4 36. bxc4 Qa1+ 37. Kh2 Qe5+ 38. Kg1 Qxe7 39. Nxe7+ Kf8 40. Nc6
a4 41. Kf2 a3 42. Nb4 Ke7 43. Ke3 Kd6 44. Kd3 Kc5 45. Na6+ Kb6 46. Nb4 Ka5 47.
Na2 Bf6 48. g3 Ka4 49. Kc2 Be5 50. f4 Bd4 51. Kd3 Bf2 52. g4 hxg4 53. f5 g3 54.
fxg6 fxg6 55. Ke2 Kb3 56. Nc1+ Kxc4 57. Kf3 Kc3 58. Na2+ Kb2 59. Nb4 a2 60. Nxa2
Kxa2 61. Kg2 Kb3 62. Kh3 Kc4 63. h5 gxh5 0-1

[Event "Titled Tue 27th May Early"]
[Site "chess.com INT"]
[Date "2025.05.27"]
[Round "4"]
[White "Andrade, Ivan"]
[Black "Begunov, Konstantin"]
[Result "0-1"]
[WhiteTitle "FM"]
[BlackTitle "FM"]
[WhiteElo "2161"]
[BlackElo "2325"]
[WhiteFideId "14800039"]
[BlackFideId "4118510"]
[EventDate "2025.05.27"]

1. e4 c5 2. Nf3 d6 3. d4 cxd4 4. Nxd4 Nf6 5. Nc3 a6 6. f3 e5 7. Nb3 b5 8. Be3
Be7 9. Qd2 Nbd7 10. a4 b4 11. Nd5 Nc5 12. Nxe7 Kxe7 13. Nxc5 dxc5 14. Bxc5+ Ke8
15. Qxd8+ Kxd8 16. O-O-O+ Nd7 17. Bxb4 Kc7 18. Bc4 f6 19. Bd6+ Kb6 20. Rd2 a5
21. Bb5 Nc5 22. Bxc5+ Kxc5 23. Rd5+ Kb6 24. Rd6+ Kc7 25. Rhd1 h5 26. c4 h4 27.
c5 h3 28. g3 f5 29. R6d5 fxe4 30. fxe4 Rf8 31. Rxe5 Rf2 32. Re7+ Kb8 33. Rd8
Rxh2 34. Ree8 Kc7 35. Rd1 Rg2 36. Re7+ Kb8 37. Rd6 Ra7 38. Rb6+ Rb7 39. Rbxb7+
Bxb7 40. c6 Bc8 41. Re8 h2 42. Rh8 Rg1+ 43. Kd2 h1=Q 44. c7+ Kxc7 45. Rxh1 Rxh1
46. Ke3 Rg1 47. Kf2 Rb1 48. Kf3 Rxb2 49. Kf4 Kd6 50. g4 Be6 51. e5+ Ke7 52. Kg5
Rb4 53. Be2 Rxa4 54. Kg6 Bxg4 55. Bb5 Rb4 0-1

[Event "Titled Tue 27th May Early"]
[Site "chess.com INT"]
[Date "2025.05.27"]
[Round "4"]
[White "Gong, Qianyun"]
[Black "Brancaleoni, Maurizio"]
[Result "1-0"]
[WhiteTitle "WGM"]
[BlackTitle "FM"]
[WhiteElo "2265"]
[BlackElo "2185"]
[WhiteFideId "8602425"]
[BlackFideId "803022"]
[EventDate "2025.05.27"]

1. d4 Nf6 2. c4 b6 3. Nf3 Bb7 4. Nc3 Ne4 5. Qc2 Nxc3 6. Qxc3 g6 7. d5 f6 8. e4
Bg7 9. Bd3 O-O 10. h4 Na6 11. h5 g5 12. h6 Bh8 13. e5 Nc5 14. Bxh7+ Kxh7 15.
Nxg5+ Kg8 16. Qg3 fxg5 17. h7+ Kf7 18. Qxg5 Ke8 19. Qg6+ Rf7 20. Bh6 e6 21. Bg5
Nd3+ 22. Kd2 Nxe5 23. Qg8+ Rf8 24. Bxd8 Rxd8 25. Kc2 Ke7 26. Qg5+ Bf6 27. Qg3
Nxc4 28. Rae1 Bxd5 29. Rh6 Bh8 30. Kb1 Be4+ 31. Rxe4 Nd2+ 32. Kc2 Nxe4 33. Qh4+
Nf6 34. g4 Kd6 35. g5 Nd5 36. Rg6 Rf4 37. Qg3 Rf8 38. Rg8 e5 39. Rxf8 Rxf8 40.
g6 Bg7 41. a3 a5 42. Kb1 Nf4 43. Qf3 Ke6 44. Qb7 Kd6 45. Qe4 c6 46. f3 Ke6 47.
Qe3 Nxg6 48. Qxb6 a4 49. Qc5 Nf4 50. Qc4+ Kf6 51. Qxa4 Rh8 52. Qe4 Ne6 53. a4
Ng5 54. Qd3 Rxh7 55. Qxd7 1-0

[Event "Titled Tue 27th May Early"]
[Site "chess.com INT"]
[Date "2025.05.27"]
[Round "4"]
[White "Tiitta, Sauli"]
[Black "Horobetz, Graham"]
[Result "0-1"]
[WhiteElo "2157"]
[BlackElo "2250"]
[WhiteFideId "502251"]
[BlackFideId "2047322"]
[EventDate "2025.05.27"]

1. g4 d5 2. h3 e5 3. c4 d4 4. d3 Bd7 5. a3 a5 6. Bg2 Bc6 7. Bxc6+ Nxc6 8. Nf3
Nge7 9. Bg5 f6 10. Bd2 Qd7 11. Qa4 Nd8 12. Qxd7+ Kxd7 13. b4 axb4 14. Bxb4 Ng6
15. Bxf8 Rxf8 16. Nbd2 Ne6 17. e3 Ra5 18. Ke2 Rfa8 19. Rhb1 b6 20. h4 dxe3 21.
fxe3 Rxa3 22. Rxa3 Rxa3 23. h5 Ne7 24. Ne4 Nc8 25. Nh4 Nd6 26. Nxd6 Kxd6 27.
Nf5+ Kd7 28. h6 g6 29. Ng3 Ng5 30. Rb2 Ke6 31. Kd2 f5 32. gxf5+ gxf5 33. c5 bxc5
34. Rb8 f4 35. exf4 exf4 36. Ne4 Nxe4+ 37. dxe4 Rh3 38. Re8+ Kd6 39. e5+ Kd7 40.
Rf8 Rxh6 41. Rxf4 Ke6 42. Re4 Kd5 43. Re1 Rh2+ 44. Kc3 Rh3+ 45. Kc2 Ke6 46. Kd2
c4 47. Kc2 c3 48. Re4 h5 49. Rc4 Kxe5 50. Rxc7 Kf4 51. Rh7 h4 52. Rg7 Rg3 53.
Rh7 Kg4 54. Rg7+ Kh3 55. Rh7 Rf3 56. Rg7 Kh2 57. Rh7 h3 58. Rh6 Rg3 59. Rc6 Kg2
60. Rh6 h2 61. Kb3 h1=Q 62. Rxh1 Kxh1 63. Kc2 Kg2 0-1

[Event "Titled Tue 27th May Early"]
[Site "chess.com INT"]
[Date "2025.05.27"]
[Round "4"]
[White "Nagare Kaivalya Sandip"]
[Black "Otdelnov, Kirill"]
[Result "1-0"]
[WhiteTitle "FM"]
[BlackTitle "FM"]
[WhiteElo "2321"]
[BlackElo "2273"]
[WhiteFideId "25957929"]
[BlackFideId "24280216"]
[EventDate "2025.05.27"]

1. e4 e6 2. d4 d5 3. Nc3 Nf6 4. e5 Nfd7 5. f4 c5 6. Nf3 Nc6 7. Be3 a6 8. a3 b5
9. dxc5 Bxc5 10. Qd2 Qb6 11. Bxc5 Nxc5 12. Bd3 Bb7 13. Qf2 Rc8 14. Ne2 h6 15.
O-O Na4 16. b3 Qxf2+ 17. Kxf2 Nc5 18. Ke3 Ke7 19. Nfd4 Nxd4 20. Nxd4 g6 21. g3
h5 22. h3 Ne4 23. Ne2 Rhd8 24. b4 d4+ 25. Nxd4 Nxg3 26. Rg1 h4 27. a4 bxa4 28.
Rxa4 Rc3 29. Ne2 Nf5+ 30. Kd2 Rc7 31. Ke1 Ne3 32. Ra2 Ng2+ 33. Kf2 Rdc8 34. Rxg2
Bxg2 35. Kxg2 g5 36. fxg5 Rg8 37. Rxa6 Rxg5+ 38. Kf3 Rxe5 39. b5 Rd7 40. b6 Red5
41. Be4 R5d6 42. c4 f5 43. Ba8 Rd3+ 44. Kf2 Rd8 45. c5 Rb3 46. c6 Rb2 47. c7
Rdd2 48. c8=Q Rxe2+ 49. Kf3 Rf2+ 50. Ke3 Rfe2+ 51. Kf4 Rf2+ 52. Kg5 Rg2+ 53. Kh6 1-0

[Event "Titled Tue 27th May Early"]
[Site "chess.com INT"]
[Date "2025.05.27"]
[Round "4"]
[White "Jyothilal, N."]
[Black "Chaulagain, Purusottam"]
[Result "1/2-1/2"]
[WhiteTitle "CM"]
[BlackTitle "CM"]
[WhiteElo "1913"]
[BlackElo "1898"]
[WhiteFideId "5002605"]
[BlackFideId "12300730"]
[EventDate "2025.05.27"]

1. d4 d5 2. Nf3 e6 3. c4 c6 4. g3 Nf6 5. Bg2 Ne4 6. O-O Be7 7. Ne5 O-O 8. f3 Nf6
9. Nd2 Nbd7 10. Nd3 dxc4 11. Nxc4 Nb6 12. Nde5 Nxc4 13. Nxc4 c5 14. Be3 Nd5 15.
Bf2 b5 16. Ne5 cxd4 17. Qxd4 Bb7 18. e4 Nb4 19. Qxd8 Rfxd8 20. a3 Nd3 21. Nxd3
Rxd3 22. Rfd1 Rad8 23. Rxd3 Rxd3 24. Bf1 Rd2 25. Rb1 a6 26. Be3 Rd7 27. Kf2 Bf6
28. Be2 g6 29. Bc5 Rc7 30. b4 Rd7 31. Ke3 Bc3 32. Bd3 e5 33. Rb3 Bd4+ 34. Bxd4
Rxd4 35. Rc3 Rd7 36. Rc5 f6 37. f4 exf4+ 38. gxf4 Kf7 39. e5 Re7 40. Be4 Bxe4
41. Kxe4 fxe5 42. fxe5 Rd7 43. Rc6 Ra7 44. Kd5 a5 45. Kc5 axb4 46. axb4 Re7 47.
e6+ Rxe6 48. Rxe6 Kxe6 49. Kxb5 Kd6 50. Ka6 Kc7 51. Kb5 g5 52. Kc5 h5 53. Kd5 g4
54. Ke4 h4 55. Ke3 g3 56. hxg3 hxg3 57. Kf3 Kb6 58. Kxg3 Kb5 59. Kf4 Kxb4 1/2-1/2

[Event "Titled Tue 27th May Early"]
[Site "chess.com INT"]
[Date "2025.05.27"]
[Round "4"]
[White "Kilic, Eray"]
[Black "Lisenkov, Svyatoslav"]
[Result "1-0"]
[WhiteTitle "IM"]
[BlackTitle "CM"]
[WhiteElo "2469"]
[BlackElo "2241"]
[WhiteFideId "44517173"]
[BlackFideId "34264183"]
[EventDate "2025.05.27"]

1. e4 c5 2. c3 Nf6 3. e5 Nd5 4. d4 cxd4 5. Nf3 e6 6. cxd4 b6 7. Bd3 Ba6 8. O-O
Be7 9. Re1 Bxd3 10. Qxd3 Nc6 11. Nc3 Ncb4 12. Qe4 f5 13. exf6 Nxf6 14. Qe2 O-O
15. Be3 Nbd5 16. Rac1 Rc8 17. Red1 Bd6 18. h3 Bb8 19. Bg5 Nxc3 20. bxc3 h6 21.
Bh4 Qe8 22. c4 Nh5 23. Rc2 Qg6 24. Qd3 Rf5 25. Qe4 Rcf8 26. Kh1 Nf4 27. Bg3 Qh5
28. Rc3 Nxh3 29. Qh4 Qxh4 30. Bxh4 Nf4 31. Re1 Ng6 32. Bg3 Bxg3 33. fxg3 Rc8 34.
Rec1 Ra5 35. a3 Ne7 36. Kg1 Nf5 37. g4 Nd6 38. Ne5 Rc7 39. Rf1 Ne4 40. Rcf3 Nf6
41. d5 exd5 42. cxd5 Rxd5 43. Ng6 d6 44. Re1 Kf7 45. Nh8+ Kg8 46. Ng6 Rd2 47.
Ne7+ Kh7 48. Nf5 Rcc2 49. Re7 Rxg2+ 50. Kf1 Rxg4 51. Ne3 Rc1+ 52. Ke2 Re4 53.
Rxa7 Rc3 54. Kd2 Rb3 55. Rg3 Nd5 56. Rgxg7+ Kh8 57. Nxd5 Rd4+ 58. Kc2 Rf3 59.
Rh7+ Kg8 60. Rhg7+ Kf8 61. Rgb7 Kg8 62. Ne7+ Kf8 63. Ng6+ Kg8 64. Rg7# 1-0

[Event "Titled Tue 27th May Early"]
[Site "chess.com INT"]
[Date "2025.05.27"]
[Round "4"]
[White "Piesik, Piotr"]
[Black "Arencibia Monduy, Antonio"]
[Result "1-0"]
[WhiteTitle "IM"]
[BlackTitle "CM"]
[WhiteElo "2436"]
[BlackElo "2115"]
[WhiteFideId "1136194"]
[BlackFideId "3507939"]
[EventDate "2025.05.27"]

1. Nf3 e6 2. g3 d5 3. Bg2 Nf6 4. O-O Be7 5. d3 O-O 6. Nbd2 b6 7. e4 Bb7 8. Qe2
c5 9. e5 Nfd7 10. c3 Nc6 11. Re1 Re8 12. h4 Nf8 13. Nf1 h6 14. Bf4 Ng6 15. Bd2
Nf8 16. N1h2 d4 17. c4 a6 18. Ng4 Nh7 19. Bf4 b5 20. b3 Rb8 21. Nd2 Nb4 22. Bxb7
Rxb7 23. Ne4 bxc4 24. bxc4 Nc6 25. Kg2 Bf8 26. Qf3 Qd7 27. Bxh6 Rb2 28. Ng5 Nxg5
29. Bxg5 Ne7 30. Rab1 Reb8 31. Rxb2 Rxb2 32. Re2 Rxe2 33. Qxe2 Nf5 34. h5 Be7
35. Bf4 Qb7+ 36. Qf3 Qb1 37. Qa8+ Kh7 38. Qe8 Qxd3 39. Qxf7 Qe4+ 40. Kh2 Qf3 41.
Qg6+ Kh8 42. h6 gxh6 43. Bxh6 Nxh6 44. Qxh6+ Kg8 45. Qxe6+ Kf8 46. Kg1 d3 47.
Ne3 Qe2 48. Qf5+ Ke8 49. Qg6+ Kd7 50. Qg4+ Qxg4 51. Nxg4 d2 52. Ne3 Ke6 53. f4
Bd8 54. Kf2 Ba5 55. Ke2 Bb4 56. g4 a5 57. Nf1 Kf7 58. Nxd2 Ke6 59. Nf3 a4 60.
f5+ Kf7 61. Kd3 a3 62. Ke4 Bc3 63. g5 Ke7 64. e6 Kd6 65. Kf4 Bb2 66. Kg4 Bc1 67.
Kh5 Ke7 68. Kg6 Bb2 69. Nh4 Bc3 70. Ng2 Be5 71. Ne3 Kd6 72. Nd5 Bd4 73. e7 Kd7
74. f6 1-0

[Event "Titled Tue 27th May Early"]
[Site "chess.com INT"]
[Date "2025.05.27"]
[Round "4"]
[White "Ramos Espinoza, Efren Andres"]
[Black "Barp, Alberto"]
[Result "1-0"]
[WhiteTitle "FM"]
[BlackTitle "IM"]
[WhiteElo "2104"]
[BlackElo "2414"]
[WhiteFideId "6100538"]
[BlackFideId "872555"]
[EventDate "2025.05.27"]

1. d4 d5 2. c4 e6 3. Nf3 Nf6 4. g3 dxc4 5. Bg2 c6 6. O-O b5 7. a4 Bb7 8. Ne5 a6
9. b3 cxb3 10. Qxb3 Be7 11. Bb2 O-O 12. Rc1 Qb6 13. a5 Qd8 14. Nd2 Nd5 15. Nd3
Nd7 16. e4 N5f6 17. e5 Nd5 18. Ne4 Rc8 19. Ba3 c5 20. Nexc5 Nxc5 21. Bxc5 Ba8
22. Qa3 Qd7 23. Bxe7 Nxe7 24. Bxa8 Rxc1+ 25. Rxc1 Rxa8 26. Qd6 Rd8 27. Rc7 Qxd6
28. exd6 Nf5 29. d7 Kf8 30. Ne5 Nxd4 31. Ra7 f6 32. Nd3 Ke7 33. Nc5 e5 34. Rxa6
b4 35. Rb6 b3 36. a6 Ra8 37. Kg2 Kd8 38. h4 Kc7 39. Rb7+ Kc6 40. Nxb3 Nxb3 41.
Rxb3 Kxd7 42. Rb7+ Ke6 43. a7 h5 44. Rxg7 Kf5 45. Kf3 Rd8 46. Ke3 e4 47. Rb7
Rd3+ 48. Ke2 Ra3 49. Rb5+ Kg4 50. Rb7 Kf5 51. Rh7 Kg4 52. Re7 Kf5 53. Rg7 Ke5
54. Rh7 Kd4 55. Rxh5 Rxa7 56. Rf5 Ra2+ 57. Kf1 Ra6 58. Kg2 e3 59. fxe3+ Kxe3 60.
h5 Ke4 61. g4 Ra2+ 62. Kg3 Ra3+ 63. Kh4 Ra6 64. h6 Ra1 65. Kh5 Rh1+ 66. Kg6 1-0

[Event "Titled Tue 27th May Early"]
[Site "chess.com INT"]
[Date "2025.05.27"]
[Round "4"]
[White "Sklokin, Sergey"]
[Black "Le, Tuan Minh"]
[Result "1/2-1/2"]
[WhiteTitle "FM"]
[BlackTitle "GM"]
[WhiteElo "2311"]
[BlackElo "2598"]
[WhiteFideId "55730230"]
[BlackFideId "12401153"]
[EventDate "2025.05.27"]

1. d4 d5 2. Nf3 Nf6 3. c4 c6 4. g3 g6 5. Bg2 Bg7 6. O-O O-O 7. cxd5 cxd5 8. Nc3
Nc6 9. a3 Ne4 10. e3 Nxc3 11. bxc3 b6 12. Nd2 Ba6 13. c4 Na5 14. Bxd5 Rc8 15.
Bb2 e6 16. Bf3 Nxc4 17. Nxc4 Bxc4 18. Re1 Qd7 19. Rc1 Rc7 20. Qd2 Rfc8 21. Rc3
h5 22. h4 b5 23. Rec1 a6 24. R3c2 Bf6 25. Qa5 Bd8 26. Qd2 Be7 27. e4 Bf6 28. Qe3
Bg7 29. d5 Bxb2 30. Rxb2 exd5 31. exd5 Bxd5 32. Rd1 Bxf3 33. Qxf3 Qc6 34. Qf4
Rd7 35. Rbd2 Rxd2 36. Qxd2 Qf3 37. Qd3 Qxd3 38. Rxd3 Rc4 39. Kf1 Kg7 40. Ke2 Ra4
41. Kd2 f6 42. Kc2 g5 43. hxg5 fxg5 44. Kb3 h4 45. gxh4 gxh4 46. Rd6 h3 47. Rd1
Kg6 48. Rg1+ Kh5 49. Rh1 Kg4 50. Rg1+ Kh4 51. Rg8 Kh5 52. Rh8+ Kg4 53. Rg8+ Kf5
54. Rh8 Rf4 55. Rxh3 Rxf2 56. Rh6 Rf3+ 57. Kb2 Rf2+ 58. Kb3 Rf3+ 59. Kb2 Rf2+
60. Kb3 1/2-1/2

[Event "Titled Tue 27th May Early"]
[Site "chess.com INT"]
[Date "2025.05.27"]
[Round "4"]
[White "Berikkyzy Alanna"]
[Black "Van Dael, Siem"]
[Result "0-1"]
[WhiteTitle "WFM"]
[BlackTitle "FM"]
[WhiteElo "2104"]
[BlackElo "2258"]
[WhiteFideId "13780719"]
[BlackFideId "1049771"]
[EventDate "2025.05.27"]

1. e4 e5 2. Nf3 Nc6 3. Bb5 a6 4. Ba4 d6 5. c3 f5 6. exf5 Bxf5 7. O-O Bd3 8. Re1
Be7 9. Re3 e4 10. Ne1 Bxb1 11. Rxb1 Nf6 12. d4 d5 13. Bxc6+ bxc6 14. f3 O-O 15.
b4 a5 16. a3 axb4 17. cxb4 Bd6 18. Re2 Qe8 19. Qc2 Qh5 20. f4 Ng4 21. g3 Rae8
22. Qd2 e3 23. Qc2 Bxf4 24. gxf4 Rxf4 25. Nd3 Rf2 26. Nxf2 exf2+ 27. Rxf2 Nxf2
28. Qxf2 Qd1+ 29. Kg2 Re2 30. Ra1 Rxf2+ 31. Kxf2 Qc2+ 32. Kf1 Qd3+ 33. Kg2 Qe4+
34. Kf1 Qf3+ 35. Kg1 Qg4+ 36. Kf1 Qh3+ 37. Ke2 Qxh2+ 38. Kd3 Qg3+ 39. Be3 Qg6+
40. Kc3 Qe4 41. Kd2 g5 42. Rg1 g4 43. a4 h5 44. a5 h4 45. a6 Qe8 46. Rxg4+ Kf7
47. Rxh4 Qa8 48. Rh7+ Kg6 49. Rxc7 Qxa6 50. Re7 Qb5 51. Re6+ Kf5 52. Re5+ Kg4
53. Rg5+ Kh4 54. Rg6 Qxb4+ 55. Ke2 Qc4+ 56. Kf3 Qf1+ 57. Bf2+ Kh5 58. Rxc6 Qd3+ 0-1

[Event "Titled Tue 27th May Early"]
[Site "chess.com INT"]
[Date "2025.05.27"]
[Round "4"]
[White "Sovetbekova, Nurai"]
[Black "Khazhatuly, Alikhan"]
[Result "0-1"]
[WhiteTitle "WFM"]
[BlackTitle "CM"]
[WhiteElo "2007"]
[BlackElo "2196"]
[WhiteFideId "13801910"]
[BlackFideId "13731335"]
[EventDate "2025.05.27"]

1. d4 d5 2. c4 e6 3. Nc3 Nf6 4. cxd5 exd5 5. Bg5 c6 6. e3 Be7 7. Bd3 h6 8. Bh4
O-O 9. Nf3 Re8 10. O-O Nbd7 11. Rb1 Ne4 12. Bxe7 Qxe7 13. Qc2 Ndf6 14. Ne5 Nd6
15. b4 Bd7 16. b5 Rac8 17. bxc6 Bxc6 18. Qb3 Rc7 19. Qa3 b6 20. Nxc6 Rxc6 21.
Qb3 Qe6 22. Ne2 g5 23. Qa4 Rc7 24. Rbc1 Rec8 25. Ba6 Rxc1 26. Rxc1 Rxc1+ 27.
Nxc1 Nfe4 28. Qc2 Qd7 29. Nd3 Kg7 30. h3 Nf6 31. Ne5 Qe7 32. Qc6 Nfe8 33. Qxd5
Nc7 34. Qc6 Nxa6 35. h4 Nc7 36. Qa4 Ne6 37. hxg5 hxg5 38. Nc6 Qd7 39. d5 Nc5 40.
Qd4+ f6 41. e4 Nf7 42. f3 Qd6 43. Nb4 Nd7 44. Qc4 Qc5+ 45. Qxc5 Nxc5 46. Nc6 a6
47. g3 Nd6 48. f4 gxf4 49. gxf4 Ndxe4 50. Nb8 b5 51. Kf1 Kf7 52. Ke2 Ke7 53.
Nc6+ Kd6 54. Nb4 a5 55. Nc2 Kxd5 56. Ke3 Nd6 57. Nd4 Nc4+ 0-1

[Event "Titled Tue 27th May Early"]
[Site "chess.com INT"]
[Date "2025.05.27"]
[Round "4"]
[White "Atis, Hasan"]
[Black "Ugarte Soto, Cesar"]
[Result "1-0"]
[WhiteTitle "CM"]
[BlackTitle "CM"]
[WhiteElo "2089"]
[BlackElo "2088"]
[WhiteFideId "44598017"]
[BlackFideId "3601331"]
[EventDate "2025.05.27"]

1. e4 c5 2. Nf3 g6 3. d4 cxd4 4. Nxd4 Nc6 5. Nc3 Bg7 6. Be3 Nf6 7. Bc4 O-O 8.
Bb3 a5 9. a4 Ng4 10. Nxc6 Nxe3 11. Nxd8 Nxd1 12. Rxd1 Rxd8 13. Ke2 Bxc3 14. bxc3
Kf8 15. h4 h5 16. g4 hxg4 17. h5 gxh5 18. Rxh5 e6 19. Rg1 d5 20. exd5 exd5 21.
Bxd5 Ra6 22. c4 Ke7 23. Ke3 Rf6 24. Rh7 Bf5 25. Rh5 b6 26. Rh2 Bd7 27. Rh5 Bf5
28. c3 Bd7 29. Rh2 Kd6 30. Kd4 Rf4+ 31. Ke3 Rf6 32. Rd1 Ke7 33. Rd4 Re8 34. Re4+
Kd6 35. Rxe8 Bxe8 36. Rh4 Bd7 37. Ke2 Bf5 38. Ke3 Bd7 39. Ke2 Bf5 40. Rh8 Bd7
41. Rf8 Ke7 42. Rg8 Bf5 43. Rb8 Bd7 44. Rb7 Kd8 45. Ke3 Kc8 46. Ra7 Bxa4 47.
Bxf7 Rf3+ 48. Ke2 Rxc3 49. Bd5 Bb3 50. Kd2 Rc2+ 51. Kd3 Rxf2 52. Rg7 Rf4 53. Kc3
Bd1 54. Kd3 Bf3 55. Be6+ Kb8 56. Kc3 Rf6 57. Bg8 Rf8 58. Kd4 Rd8+ 59. Ke5 Rc8
60. Be6 Rc7 61. Rg8+ Kb7 62. Kd6 Rc6+ 63. Ke5 Rc7 64. Rd8 Be2 65. Bd5+ Rc6 66.
Rd7+ Kc8 67. Bxc6 Bxc4 68. Rg7 Be2 69. Kd6 1-0